| 000 | 00687nam a2200193Ia 4500 | ||
|---|---|---|---|
| 003 | GCL | ||
| 005 | 20240530094835.0 | ||
| 008 | 140319s9999 xx 000 0 ara d | ||
| 040 |
_aGCL / _cGCL |
||
| 082 | 0 | 4 |
_a962.2 _bق/م م |
| 100 | 1 | _aمركز المعلومات ودعم اتخاذ القرار | |
| 245 | 1 | 0 |
_aمحافظة بنى سويف / _cمركز المعلومات ودعم اتخاذ القرار |
| 260 |
_aالقاهرة : _bمركز المعلومات ودعم اتخاذ القرار ، _c1999 |
||
| 300 |
_a302 ص ؛ _c24سم |
||
| 650 | 0 | 4 | _aبنى سويف |
| 650 | 0 | 4 | _aبنى سويف - تاريخ |
| 650 | 0 | 4 | _aبنى سويف، محافظة |
| 942 |
_2ddc _cBK |
||
| 999 |
_c1540 _d1540 |
||